Asia aflame : (Record no. 184211)

000 -LEADER
fixed length control field 01084 a2200193 4500
003 - CONTROL NUMBER IDENTIFIER
control field NUST
005 - DATE AND TIME OF LATEST TRANSACTION
control field 20221215133405.0
010 ## - LIBRARY OF CONGRESS CONTROL NUMBER
LC control number 53006115
040 ## - CATALOGING SOURCE
Transcribing agency Nust
082 ## - DEWEY DECIMAL CLASSIFICATION NUMBER
Classification number 324,VLU
100 ## - MAIN ENTRY--PERSONAL NAME
Personal name Vlugt, Ebed Van Der
9 (RLIN) 104967
245 ## - TITLE STATEMENT
Title Asia aflame :
Remainder of title communism in the east /
Statement of responsibility, etc. Ebed Van Der Vlugt,
260 ## - PUBLICATION, DISTRIBUTION, ETC.
Place of publication, distribution, etc. Devin-Adair Co
Name of publisher, distributor, etc. New York
Date of publication, distribution, etc. 1953
300 ## - PHYSICAL DESCRIPTION
Extent xvi , 294 p.:
Other physical details illus
Dimensions 24 cm
505 ## - FORMATTED CONTENTS NOTE
Formatted contents note Introduction The Red Masquerade (Page-3), The Red Legerdemain (Page-17), The Uprooting of Asia (Page-34), The Red Attack on Asia (Page-52), The Ted Campaign in the Middle East (Page-67), The Red Attack on Indo China (Page-81), The Ted Attack on India (Page-102), The Ted Attack on China (Page-113), The Ted Attack on Southeast Asia (Page-128), The Red Attack on Indonesia (Page-160), The Red Attack on Korea (Page-202), The Red Attack on Japan (Page-216), How to Meet the Red Attack in Asia (Page-225), How can we Fight World Communism (Page-241).
600 ## - SUBJECT ADDED ENTRY--PERSONAL NAME
Personal name Vlugt, Ebed Van Der
9 (RLIN) 104967
650 ## - SUBJECT ADDED ENTRY--TOPICAL TERM
Topical term or geographic name entry element Asia aflame;communism in the east
9 (RLIN) 104968
942 ## - ADDED ENTRY ELEMENTS (KOHA)
Source of classification or shelving scheme
Koha item type Book
Call number prefix 324,VLU
Holdings
Withdrawn status Lost status Source of classification or shelving scheme Damaged status Not for loan Permanent Location Current Location Shelving location Date acquired Full call number Barcode Date last seen Price effective from Koha item type Public note
          Military College of Signals (MCS) Military College of Signals (MCS) General Stacks 12/12/2016 324,VLU MCS29482 12/08/2016 12/12/2016 Book Almirah No.49, Shelf No.6
© 2023 Central Library, National University of Sciences and Technology. All Rights Reserved.